000 00551nam a22001817a 4500
005 20231214095005.0
008 231214b |||||||| |||| 00| 0 eng d
020 _a9781485127123
041 _aEnglish
082 _a345 MOK
100 _aMokoena, MT
_lEnglish
245 _aA Guide to Bail Applications /
_cMT Mokoena
250 _aSecond Edition
260 _aCape Town :
_bJuta and Company (Pty) Ltd,
_c2018
300 _bxxxii, 247 pages ;
_c25,5 cm.
650 _aLegal practice
_bLaw
942 _cBK
_6ALISON_BN_VRIES
999 _c1205
_d1205